Skip to main content
Your cart is empty.
Your lists
Log in to create your own lists
Your cookies
العربية
English
العربية
Home
Search
Advanced search
Authority search
About
The noble scholar, jurist, historian
His Excellency Dr. Abdul Wahhab bin Ibrahim Abu Sulaiman, may Allah have mercy on him.
He was born in Umm Al-Qura in the year 1356 AH.
Library catalog
Title
Author
Subject
ISBN
ISSN
Series
Call number
Log in to your account
×
Login:
Password:
Home
MARC view: إتحاف المسلمين في تسهيل اختصار رياض الصالحين مع تفسير الآيات القرآنية وشرح الأحاديث النبوية /
Normal view
MARC view
ISBD view
إتحاف المسلمين في تسهيل اختصار رياض الصالحين مع تفسير الآيات القرآنية وشرح الأحاديث النبوية / (Record no. 13767)
[
view plain
]
MARC details
000 -LEADER
fixed length control field
01348cam a22003011i 4500
003 - CONTROL NUMBER IDENTIFIER
control field
SA-RiAUC
005 - DATE AND TIME OF LATEST TRANSACTION
control field
20251229071114.0
008 - FIXED-LENGTH DATA ELEMENTS--GENERAL INFORMATION
fixed length control field
251228s1963 ua g 000r0 ara c
040 ## - CATALOGING SOURCE
Original cataloging agency
SA-JeALM
Language of cataloging
ara
Transcribing agency
SA-RiAUC
Description conventions
rda
050 #4 - LIBRARY OF CONGRESS CALL NUMBER
Item number
N39 1963
082 04 - DEWEY DECIMAL CLASSIFICATION NUMBER
Classification number
237.3
Assigning agency
SA-RiAUC
090 ## - LOCALLY ASSIGNED LC-TYPE CALL NUMBER (OCLC); LOCAL CALL NUMBER (RLIN)
Classification number (OCLC) (R) ; Classification number, CALL (RLIN) (NR)
237.3
Local cutter number (OCLC) ; Book number/undivided call number, CALL (RLIN)
م ر د
100 1# - MAIN ENTRY--PERSONAL NAME
Personal name
مرداد، محمد عبد الحميد،
Dates associated with a name
1332 هجري-
Relator term
مؤلف.
245 10 - TITLE STATEMENT
Title
إتحاف المسلمين في تسهيل اختصار رياض الصالحين مع تفسير الآيات القرآنية وشرح الأحاديث النبوية /
Statement of responsibility, etc.
تأليف محمد عبد الحميد مرداد.
250 ## - EDITION STATEMENT
Edition statement
الطبعة الأولى.
264 #1 - PRODUCTION, PUBLICATION, DISTRIBUTION, MANUFACTURE, AND COPYRIGHT NOTICE
Place of production, publication, distribution, manufacture
القاهرة :
Name of producer, publisher, distributor, manufacturer
محمد عبد الحميد مرداد،
--
مطبعة السعادة .
Date of production, publication, distribution, manufacture, or copyright notice
1963
300 ## - PHYSICAL DESCRIPTION
Extent
333 صفحة ؛
Dimensions
24 سم
336 ## - CONTENT TYPE
Content type term
نص
Content type code
txt
Source
rdacontent
Materials specified
كتاب
337 ## - MEDIA TYPE
Media type term
بدون وسيط
Media type code
n
Source
rdamedia
630 27 - SUBJECT ADDED ENTRY--UNIFORM TITLE
Uniform title
القرآن
General subdivision
تفاسير
Source of heading or term
aucut
650 #7 - SUBJECT ADDED ENTRY--TOPICAL TERM
Topical term or geographic name entry element
الحديث
General subdivision
شرح
Source of heading or term
aucsh
650 #7 - SUBJECT ADDED ENTRY--TOPICAL TERM
Topical term or geographic name entry element
الحديث
General subdivision
جوامع الفنون
Source of heading or term
aucsh
653 ## - INDEX TERM--UNCONTROLLED
Uncontrolled term
النوادر
700 12 - ADDED ENTRY--PERSONAL NAME
Relationship information
مختصر لـ :
Personal name
النووي، يحيى بن شرف بن مري،
Dates associated with a name
631-676 هجري.
Title of a work
رياض الصالحين
730 22 - ADDED ENTRY--UNIFORM TITLE
Uniform title
القرآن
942 ## - ADDED ENTRY ELEMENTS (KOHA)
Source of classification or shelving scheme
Dewey Decimal Classification
Koha item type
Books
Suppress in OPAC
No
949 ## - LOCAL PROCESSING INFORMATION (OCLC)
a
SA-JeALM
d
251228
u
osman123
n
1
Holdings
Withdrawn status
Lost status
Source of classification or shelving scheme
Damaged status
Not for loan
Home library
Current library
Date acquired
Total checkouts
Full call number
Barcode
Date last seen
Price effective from
Koha item type
Dewey Decimal Classification
DR AbdElwahab Library
DR AbdElwahab Library
12/29/2025
237.3 م ر د
000022072
12/29/2025
12/29/2025
Books
Dewey Decimal Classification
DR AbdElwahab Library
DR AbdElwahab Library
12/29/2025
237.3 م ر د
000022073
12/29/2025
12/29/2025
Books
Place hold
Print
Add to your cart
(remove)
Save record
BIBTEX
Dublin Core
MARCXML
MARC (non-Unicode/MARC-8)
MARC (Unicode/UTF-8)
MARC (Unicode/UTF-8, Standard)
MODS (XML)
RIS
ISBD
More searches
Search for this title in:
Other Libraries (WorldCat)
Other Databases (Google Scholar)
Online Stores (Bookfinder.com)
Open Library (openlibrary.org)
Exporting to Dublin Core...
×
Simple DC-RDF
OAI-DC
SRW-DC